000 00458nab a2200145Ia 4500
003 ES-SlBCS
005 20210601125251.0
008 140529s1987 xxu||||| |||| 00| 0 eng d
041 _aeng
100 1 _aDostal, Robert J.
_9156050
245 0 4 _aThe World Never Lost: The Hermeneutics of Trust
_c Robert J. Dostal
650 0 4 _aHermenéutica
_986759
773 0 _tPhilosophy and Phenomenological Research
_gvol. 48, 1987, págs. 413-434
_wRev1411
942 _cAR
999 _c527527
_d527527